100 słynnych budowli świata - Statystyki

Ogólne statystyki
  • Ten quiz został rozwiązany 88 razy
  • Średni wynik to 22 z 100
Statystyki odpowiedzi
Obrazkowy Odpowiedź % Poprawnych
Statua Wolności
93%
Big Ben
91%
Koloseum
89%
Krzywa Wieża w Pizie
87%
Wielki Sfinks
83%
Wieża Eiffla
78%
Łuk Triumfalny
65%
Wielki Mur Chiński
65%
Zamek w Malborku
65%
Brama Brandenburska
63%
Piramida Cheopsa
61%
Tadż Mahal
61%
Hagia Sofia
54%
Sagrada Familia
54%
Katedra Notre Dame
52%
Golden Gate
50%
Machu Picchu
50%
Żuraw w Gdańsku
50%
Opera w Sydney
48%
Stonehenge
48%
Petra
46%
Most Karola
43%
Tower Bridge
43%
Burdż Chalifa
41%
Luwr
41%
Terakotowa Armia
41%
Partenon
39%
Empire State Building
37%
Mount Rushmore
37%
Bazylika św. Piotra
35%
Kreml
35%
Forum Romanum
26%
Kapitol
26%
Angkor Wat
24%
Fontanna di Trevi
24%
Gmach parlamentu w Budapeszcie
24%
Katedra w Kolonii
24%
Atomium
22%
Chichen Itza
22%
Pałac Buckingham
20%
Al-Kaba
17%
Mont Saint-Michel
17%
Sobór Wasyla Błogosławionego
17%
Moai
15%
Schonbrunn
13%
Alhambra
11%
Ermitaż
11%
Kopuła na Skale
11%
Stary Most w Mostarze
11%
Katedra św. Szczepana
9%
Meteory
9%
Statua Chrystusa Zbawiciela
9%
Baszta Rybacka
7%
CN Tower
7%
Świątynia Luksorska
7%
Wieża Belem
7%
Akwedukt w Segowii
4%
Bryggen
4%
Katedra w Helsinkach
4%
Krak des Chevaliers
4%
Ławra Peczerska
4%
Neuschweinstein
4%
Pałac Dożów
4%
Pałac Wiatrów
4%
Sobór św. Izaaka
4%
Zwinger
4%
Angkor Thom
2%
Bazylika Sacre-Coeur
2%
Cerkiew św. Jana Teologa
2%
Grossmunster
2%
Karlsztejn
2%
Katedra św. Pawła
2%
Kiyomizu Dera
2%
Kronborg
2%
Meczet Króla Hassana
2%
Pałac Dioklecjana w Splicie
2%
Pałac Pena
2%
Rijksmuseum
2%
Rosenborg
2%
Różowy Meczet
2%
Wielka Pagoda Dzikich Gęsi
2%
Wielki Meczet Szejka Zajida
2%
Wieża Bajterek
2%
Wieża Galata
2%
Zamek Bran
2%
Zamek Chillon
2%
Zamek Kalmarski
2%
Zamek Osaka
2%
Zamek Vianden
2%
Zamek Wartburg
2%
Borobudur
0%
Budda Tian Tan
0%
Gravensteen
0%
Masada
0%
Meczet Proroka
0%
Porta Nigra
0%
Świątynia Nieba
0%
Świątynia Szmaragdowego Buddy
0%
Twierdza Hohensalzburg
0%
Wieża Wolności w Teheranie
0%
Nie znaleziono quizów pasujących do podanych kryteriów
Rozkład punktacji
Procent ludzi z każdym wynikiem
Percentyl według liczby udzielonych odpowiedzi
Twoja historia wyników
Nie rozwiązałeś tego quizu